Dataset Open Access
Schütze, Judith
<?xml version='1.0' encoding='UTF-8'?>
<record xmlns="http://www.loc.gov/MARC21/slim">
<leader>00000nmm##2200000uu#4500</leader>
<datafield tag="542" ind1=" " ind2=" ">
<subfield code="l">open</subfield>
</datafield>
<datafield tag="540" ind1=" " ind2=" ">
<subfield code="u">https://creativecommons.org/licenses/by/4.0/legalcode</subfield>
<subfield code="a">Creative Commons Attribution 4.0 International</subfield>
</datafield>
<datafield tag="980" ind1=" " ind2=" ">
<subfield code="a">dataset</subfield>
</datafield>
<datafield tag="520" ind1=" " ind2=" ">
<subfield code="a"><p>The research-based learning programme presented here takes place in the Bachelor of Business Information Systems and focuses on social science aspects of the information and knowledge society. Student research groups go through the various phases of research-based learning and reflect on the process at various points.</p></subfield>
</datafield>
<controlfield tag="005">20250422062141.0</controlfield>
<datafield tag="024" ind1=" " ind2=" ">
<subfield code="a">10.25592/uhhfdm.17299</subfield>
<subfield code="2">doi</subfield>
</datafield>
<datafield tag="260" ind1=" " ind2=" ">
<subfield code="c">2024-12-01</subfield>
</datafield>
<controlfield tag="001">17299</controlfield>
<datafield tag="650" ind1="1" ind2="7">
<subfield code="a">cc-by</subfield>
<subfield code="2">opendefinition.org</subfield>
</datafield>
<datafield tag="909" ind1="C" ind2="O">
<subfield code="o">oai:fdr.uni-hamburg.de:17299</subfield>
<subfield code="p">user-uhh</subfield>
</datafield>
<datafield tag="245" ind1=" " ind2=" ">
<subfield code="a">Researching social science aspects of the information and knowledge society</subfield>
</datafield>
<datafield tag="773" ind1=" " ind2=" ">
<subfield code="a">10.25592/uhhfdm.17298</subfield>
<subfield code="i">isVersionOf</subfield>
<subfield code="n">doi</subfield>
</datafield>
<datafield tag="856" ind1="4" ind2=" ">
<subfield code="s">2906029</subfield>
<subfield code="u">https://www.fdr.uni-hamburg.de/record/17299/files/Schütze_Researching social science aspects of the information and knowledge society.pdf</subfield>
<subfield code="z">md5:e167e64412c98e6038065beac0c98b4d</subfield>
</datafield>
<datafield tag="041" ind1=" " ind2=" ">
<subfield code="a">eng</subfield>
</datafield>
<datafield tag="653" ind1=" " ind2=" ">
<subfield code="a">social science research in business informatics, first-year students, methodological diversity</subfield>
</datafield>
<datafield tag="100" ind1=" " ind2=" ">
<subfield code="a">Schütze, Judith</subfield>
<subfield code="u">Berlin School of Economics and Law</subfield>
</datafield>
<datafield tag="980" ind1=" " ind2=" ">
<subfield code="a">user-uhh</subfield>
</datafield>
</record>